00895ngm a2200277 4500003000400000005001700004007000400021008004100025010002000066024001000086035002000096040001300116082001500129245006700144260002800211300005000239440003300289500014000322538004900462650001900511700001700530700001700547700001600564700002000580700001700600dpl20091117141341.0DVD||||||sp199 xxu|||||c ||| 00| 0 ng d  aDVD-004723-4727 c45.00 aDVD-004723-4727 aDPLcDPL aDVD / HUMR aHumraazcIndus Video Pvt. Ltd. Presentsh[videorecording] DVD/ bMoserbaer Entertainment a1 videodisc DVD;bsd., col. ;c4 3/4 in.fDVD aMoserbaer Home Entertainment aMoserbaer India Ltd. has obtained the necessary licence/conssent from the owner of the copyright in the wroks for making this DVD Film. aDolby Digital 5.1 - Hindi Subtitles: English aMotion Picture aAbbas Mastan aJain, Ganesh aDeol, Bobby aKhanna, Akshaye aPatel Amisha